Příspěvek k otázce ekonomické efektivnosti zahraničního obchodu se zemědělskými a potravinářskými výrobky ČSSR kandidátska dizertačná práca

Enregistré dans:
Détails bibliographiques
Auteur principal: Mikuláš, Jozef
Autres auteurs: Bránický, Milan
Format: Livre
Langue:tchèque
Publié: Bratislava 1971
Tags: Ajouter un tag
Pas de tags, Soyez le premier à ajouter un tag!

MARC

LEADER 00000nam a2200000 4500
001 c028779
005 20221220102546.2
041 0 |a cze 
044 |a SK 
245 1 0 |a Příspěvek k otázce ekonomické efektivnosti zahraničního obchodu se zemědělskými a potravinářskými výrobky ČSSR  |b kandidátska dizertačná práca  |c Jozef Mikuláš ; ved. práce Milan Bránický 
264 1 |a Bratislava  |c 1971 
300 |a 125 s. 
100 1 |a Mikuláš, Jozef 
700 1 |a Bránický, Milan